书目信息 |
| 题名: |
过程控制与自动化仪表
|
|
| 作者: | 高志宏 主编 | |
| 分册: | ||
| 出版信息: | 杭州 浙江大学出版社 2006.10 |
|
| 页数: | 252页 | |
| 开本: | 26cm | |
| 丛书名: | ||
| 单 册: | ||
| 中图分类: | TH86 , TP273 | |
| 科图分类: | ||
| 主题词: | 过程控制--guo cheng kong zhi--高等学校--教材 , 自动化仪表--zi dong hua yi biao--高等学校--教材 | |
| 电子资源: | ||
| ISBN: | 7-308-04792-X | |
| 000 | 00911nam0 2200253 450 | |
| 001 | 012006962859 | |
| 005 | 20070611100852.59 | |
| 010 | @a7-308-04792-X@dCNY26.00 | |
| 100 | @a20061206d2006 km y0chiy0120 ea | |
| 101 | 0 | @achi |
| 102 | @aCN@b330000 | |
| 105 | @ay z 000yy | |
| 200 | 1 | @a过程控制与自动化仪表@Aguo cheng kong zhi yu zi dong hua yi biao@f高志宏主编@Fgao zhi hong zhu bian |
| 210 | @a杭州@c浙江大学出版社@d2006.10 | |
| 215 | @a252页@d26cm | |
| 300 | @a浙江省重点建设教材 | |
| 330 | @a本书分八章,分别介绍过程控制技术基础,基本控制规律,控制系统,自动化仪表概述,变送器,变送调节器,模拟调节器,数字控制仪表和执行器等内容。 | |
| 606 | 0 | @a过程控制@Aguo cheng kong zhi@x高等学校@j教材 |
| 606 | 0 | @a自动化仪表@Azi dong hua yi biao@x高等学校@j教材 |
| 690 | @aTH86@v4 | |
| 690 | @aTP273@v4 | |
| 701 | 0 | @a高志宏@Agao zhi hong@4主编 |
| 801 | 0 | @aCN@c20070611 |
| 905 | @a10447@dTP273@eG212 | |
| 过程控制与自动化仪表/高志宏主编.-杭州:浙江大学出版社,2006.10 |
| 252页;26cm |
| 浙江省重点建设教材 |
| ISBN 7-308-04792-X:CNY26.00 |
| 本书分八章,分别介绍过程控制技术基础,基本控制规律,控制系统,自动化仪表概述,变送器,变送调节器,模拟调节器,数字控制仪表和执行器等内容。 |
| ● |
| 相关链接 |
|
|
|
正题名:过程控制与自动化仪表
索取号:TP273/G212
 
预约/预借
| 序号 | 登录号 | 条形码 | 馆藏地/架位号 | 状态 | 备注 |
| 1 | 230872 | 202308724 | 自科库301/301自科库 41排6列2层/ [索取号:TP273/G212] | 在馆 | |
| 2 | 230873 | 202308733 | 自科库301/301自科库 41排6列2层/ [索取号:TP273/G212] | 在馆 |